000 00444cam a2200169 4500
001 D12033
008 090401t1966 xxu||||| |||| 00| 0 eng d
035 _a(Sirsi) u844
041 _aeng
110 _aAssociation of Land And Property Owners
_91333
245 _aShops in redevelopment schemes
260 _aLondon
_bAssociation of Land and Property Owners
_c1966
350 _a0
520 _aShelf 176
942 _n0
948 _c04/03/1997
999 _c85596
_d85596